Geography Nerd quiz - Statistics

General Stats
  • This quiz has been taken 363 times
  • The average score is 8 of 15
Answer Stats
Hint Answer % Correct
Continent with the most countries Africa
99%
Country with the most borders China
76%
Amount of capitals in South Africa 3
75%
Amount of countries there are between Poland and North korea 1
73%
The capital of Liechtenstein Vaduz
69%
Most populated country in africa Nigeria
68%
Amount of countries between Canada and Uruguay 9
65%
Least populated continent Antarctica
63%
Coutry with the highest population density Monaco
53%
Country with the smallest population density Mongolia
49%
Country with the second most islands Finland
36%
The highest capital La Paz
35%
Second most populated city Delhi
34%
Least democratic country Afghanistan
19%
Least populated capital Ngerulmud
16%
No matching quizzes found
Score Distribution
Percent of People with Each Score
Percentile by Number Answered
Your Score History
You have not taken this quiz